Normal view
MARC view
- Bhannot, D P
Entry Personal Name
001 - CONTROL NUMBER
- control field: 6264
003 - CONTROL NUMBER IDENTIFIER
- control field: OSt
005 - DATE AND TIME OF LATEST TRANSACTION
- control field: 20180213100446.0
008 - FIXED-LENGTH DATA ELEMENTS
- fixed length control field: 180213|| aca||aabn | a|a d
040 ## - CATALOGING SOURCE
- Original cataloging agency: OSt
- Transcribing agency: OSt
100 ## - HEADING--PERSONAL NAME
- Personal name: Bhannot, D P
670 ## - SOURCE DATA FOUND
- Source citation: Work cat.: (OSt): Bhannot, D P, English grammer -VII, 2012